Online
Catalog

Manuel Aurelio Tavárez Justo : (Record no. 6685)

MARC details
000 -CABECERA
campo de control de longitud fija 00969nam a2200265 a 4500
001 - NÚMERO DE CONTROL
campo de control 000006900
005 - FECHA Y HORA DE LA ÚLTIMA TRANSACCIÓN
campo de control 20240302073949.0
008 - DATOS DE LONGITUD FIJA--INFORMACIÓN GENERAL
campo de control de longitud fija 090903s2007 dr a 000 0 spa d
020 ## - NÚMERO INTERNACIONAL ESTÁNDAR DEL LIBRO
Número Internacional Estándar del Libro 9993476846
040 ## - FUENTE DE LA CATALOGACIÓN
Centro catalogador/agencia de origen DO-SdBNP
Lengua de catalogación spa
Centro/agencia transcriptor BNPHU
082 ## - NÚMERO DE LA CLASIFICACIÓN DECIMAL DEWEY
Número de clasificación xxx
Número de documento/Ítem T231C, 2007
100 1# - ENTRADA PRINCIPAL--NOMBRE DE PERSONA
Nombre de persona Cassá, Roberto,
Fechas asociadas al nombre 1948-
9 (RLIN) 10888
245 10 - MENCIÓN DE TÍTULO
Título Manuel Aurelio Tavárez Justo :
Resto del título líder de la juventud. /
Mención de responsabilidad, etc. Roberto Cassá ; ilustraciones Ramiro Manzano.
250 ## - MENCIÓN DE EDICIÓN
Mención de edición 2a ed.
260 ## - PUBLICACIÓN, DISTRIBUCIÓN, ETC.
Lugar de publicación, distribución, etc. Santo Domingo, :
Nombre del editor, distribuidor, etc. Tobogán
Fabricante Alfa y Omega
Fecha de publicación, distribución, etc. 2007.
300 ## - DESCRIPCIÓN FÍSICA
Extensión 104 p. :
Otras características físicas il ;
Dimensiones 20 cm.
490 1# - MENCIÓN DE SERIE
Mención de serie Biografía dominicanas Tobogán ;
590 ## - NOTA LOCAL (RLIN)
Nota local Inventariado, 2018/ YL
500 ## - NOTA GENERAL
Nota general Incluye referencias bibliográficas
600 14 - PUNTO DE ACCESO ADICIONAL DE MATERIA--NOMBRE DE PERSONA
Nombre de persona TAVÁREZ JUSTO, MANUEL AURELIO
Fechas asociadas al nombre 1931-1963
9 (RLIN) 19137
650 #4 - PUNTO DE ACCESO ADICIONAL DE MATERIA--TÉRMINO DE MATERIA
Término de materia o nombre geográfico como elemento de entrada Escritores dominicanos
Subdivisión de forma BIOGRAFÍAS
9 (RLIN) 19138
651 #4 - PUNTO DE ACCESO ADICIONAL DE MATERIA--NOMBRE GEOGRÁFICO
Nombre geográfico República Dominicana
Subdivisión de forma BIOGRAFÍAS
9 (RLIN) 1083
700 12 - PUNTO DE ACCESO ADICIONAL--NOMBRE DE PERSONA
Nombre de persona Manzano, Ramiro
Término indicativo de función/relación il.
9 (RLIN) 768
830 #0 - PUNTO DE ACCESO ADICIONAL DE SERIE-TÍTULO UNIFORME
Título uniforme Biografía dominicanas Tobogán
9 (RLIN) 19139
Holdings
Estado de retiro Estado de pérdida Restricciones de uso No para préstamo Código de colección Localización permanente Ubicación/localización actual Ubicación en estantería Fecha de adquisición Número de inventario Total de préstamos Signatura topográfica completa Código de barras Fecha visto por última vez Número de copia Precio válido a partir de Tipo de ítem Koha
  Extraviado     Dominicana de Servicio General General Extraviado 17.03.2011 LF1   xxx T231C, 2007 6900-30 25.06.2020 e. 3 25.06.2020 Libro y Folleto Colección Dominicana de Servicio
      Excluido de préstamo Patrimonio Dominicano Patrimonio Dominicano Patrimonio Dominicano Depósito 03.09.2009 LF1   xxx T231C, 2007 6900-10 25.06.2020   25.06.2020 Libro y Folleto Colección Patrimonio Dominicano
      Excluido de préstamo Patrimonio Dominicano Patrimonio Dominicano Patrimonio Dominicano Depósito 04.03.2011 LF1   xxx T231C, 2007 6900-20 25.06.2020 e. 2 25.06.2020 Libro y Folleto Colección Patrimonio Dominicano

Powered by Koha